Ano 'yon? ano 'yan? (Record no. 17528)
[ view plain ]
| 000 -LEADER | |
|---|---|
| fixed length control field | 01090nam a22003495a 4500 |
| 001 - CONTROL NUMBER | |
| control field | 15757496 |
| 003 - CONTROL NUMBER IDENTIFIER | |
| control field | OSt |
| 005 - DATE AND TIME OF LATEST TRANSACTION | |
| control field | 20140310182931.0 |
| 008 - FIXED-LENGTH DATA ELEMENTS--GENERAL INFORMATION | |
| fixed length control field | 090601s2008 ph a 001 0 eng |
| 010 ## - LIBRARY OF CONGRESS CONTROL NUMBER | |
| LC control number | 2008453578 |
| 020 ## - INTERNATIONAL STANDARD BOOK NUMBER | |
| International Standard Book Number | 9789719168713 |
| 040 ## - CATALOGING SOURCE | |
| Original cataloging agency | DLC |
| Transcribing agency | DLC |
| 041 0# - LANGUAGE CODE | |
| Language code of text/sound track or separate title | eng |
| -- | tgl |
| 042 ## - AUTHENTICATION CODE | |
| Authentication code | lcode |
| 050 00 - LIBRARY OF CONGRESS CALL NUMBER | |
| Classification number | PL 6055 |
| Item number | .B265 2008 |
| 082 ## - DEWEY DECIMAL CLASSIFICATION NUMBER | |
| Classification number | FIL 499.21103 |
| Item number | .B265 2008 |
| 100 1# - MAIN ENTRY--PERSONAL NAME | |
| Personal name | Baron, Cynthia Sta. Maria. |
| 245 10 - TITLE STATEMENT | |
| Title | Ano 'yon? ano 'yan? |
| Remainder of title | the whats and whys of being Filipino |
| Statement of responsibility, etc | Baron, Cynthia Sta. Maria |
| 260 ## - PUBLICATION, DISTRIBUTION, ETC. (IMPRINT) | |
| Place of publication, distribution, etc | Quezon City, Philippines |
| Name of publisher, distributor, etc | Baron Multimedia |
| Date of publication, distribution, etc | 2008 |
| 300 ## - PHYSICAL DESCRIPTION | |
| Extent | iii, 170 p. |
| Other physical details | ill. |
| Dimensions | 14 x 22 cm. |
| 500 ## - GENERAL NOTE | |
| General note | Includes index. |
| 520 ## - SUMMARY, ETC. | |
| Summary, etc | A dictionary of Filipino slang words and idioms. |
| 521 ## - TARGET AUDIENCE NOTE | |
| Target audience note | |
| 526 ## - STUDY PROGRAM INFORMATION NOTE | |
| Reading level | 1210L-1700L |
| 541 ## - IMMEDIATE SOURCE OF ACQUISITION NOTE | |
| -- | 1 |
| 546 ## - LANGUAGE NOTE | |
| Language note | English and Tagalog. |
| 562 ## - COPY AND VERSION IDENTIFICATION NOTE | |
| Number of copies | For circulation. 1 copy available in the collection |
| 700 1# - ADDED ENTRY--PERSONAL NAME | |
| Personal name | Yulo, Millet Yraola. |
| 906 ## - LOCAL DATA ELEMENT F, LDF (RLIN) | |
| a | 7 |
| b | cbc |
| c | origode |
| d | 4 |
| e | ncip |
| f | 20 |
| g | y-gencatlg |
| 942 ## - ADDED ENTRY ELEMENTS (KOHA) | |
| Source of classification or shelving scheme | Library of Congress Classification |
| Koha item type | Books |
| Call number prefix | Filipininana |
| Withdrawn status | Lost status | Source of classification or shelving scheme | Damaged status | Home library | Current library | Shelving location | Date acquired | Total Checkouts | Full call number | Barcode | Date last seen | Price effective from | Koha item type |
|---|---|---|---|---|---|---|---|---|---|---|---|---|---|
| Library of Congress Classification | College Library | College Library | Filipiniana Section | 01/31/2013 | PL 6055 .B265 2008 | c14636 | 05/08/2018 | 01/31/2013 | Books |